00681nam a2200241 a 4500001001300000003000900013005001700022008004100039020001000080082001700090100002000107245002300127260003000150300000900180500003500189505002400224650002600248700002000274902000800294942000700302952011700309999001300426nice12345678IN_TiNIC20260116011327.0050524s1968 leia grp 000 0 eng  ac10000a232.955bLOO aLoos, Der Van H aMiracles of Jesus. aLeidenbE. J. Brillc1968 a748p aincludes index and biblioraphy2 aIndex, Bibliography aJesus Christ-Miracles1 aLoos, Der Van H bSRS cBK 001040708StackRoom-aHMIbHMId2007-06-19g100.00l0o232.955 LOOp03598r2007-06-19v100.00w2005-05-24yBK c546d546